Foundations of aerodynamics

Contents: The fluid medium; kinematics of a fluid ; introduction to compressible fluids; the energy relations; dimensional analysis.

Đã lưu trong:
Bibliografiske detaljer
Hovedforfatter: Kuethe, Arnold M.
Format: Bog
Sprog:Undetermined
Udgivet: New York Wiley 1959
Fag:
Tags: Tilføj Tag
Ingen Tags, Vær først til at tagge denne postø!
Thư viện lưu trữ: Trung tâm Học liệu Trường Đại học Cần Thơ
LEADER 00651nam a2200193Ia 4500
001 CTU_220416
008 210402s9999 xx 000 0 und d
082 |a 629.1323 
082 |b K95 
100 |a Kuethe, Arnold M. 
245 0 |a Foundations of aerodynamics 
245 0 |c A. M. Kuethe, J. D. Schetzer. 
260 |a New York 
260 |b Wiley 
260 |c 1959 
520 |a Contents: The fluid medium; kinematics of a fluid ; introduction to compressible fluids; the energy relations; dimensional analysis. 
650 |a Aerodynamics.,Động lực học 
904 |i Tuyến 
980 |a Trung tâm Học liệu Trường Đại học Cần Thơ